书目信息 |
| 题名: |
GPS测量技术与应用
|
|
| 作者: | 张福荣 , 田倩 主编 | |
| 分册: | ||
| 出版信息: | 成都 西南交通大学出版社 2013.08 |
|
| 页数: | 195页 | |
| 开本: | 26cm | |
| 丛书名: | ||
| 单 册: | ||
| 中图分类: | P228.4 | |
| 科图分类: | ||
| 主题词: | 全球定位系统--高等职业教育--教材 , 全球定位系统 | |
| 电子资源: | ||
| ISBN: | 978-7-5643-2509-1 | |
| 000 | 00974nam0 2200289 450 | |
| 001 | 006260661 | |
| 005 | 20140611153338.78 | |
| 010 | @a978-7-5643-2509-1@dCNY26.00 | |
| 100 | @a20131123d2013 em y0chiy0110 ea | |
| 101 | 0 | @achi |
| 102 | @aCN@b510000 | |
| 105 | @aak z 000yy | |
| 106 | @ar | |
| 200 | 1 | @aGPS测量技术与应用@9GPS ce liang ji shu yu ying yong@f张福荣,田倩主编 |
| 210 | @a成都@c西南交通大学出版社@d2013.08 | |
| 215 | @a195页@c图@d26cm | |
| 300 | @a高等职业技术教育“十二五”规划教材——工程测量技术类 | |
| 330 | @a本书包括五部分内容,主要介绍了GNSS全球导航卫星系统;GPS定位测量方法与误差分析;GPS测量技术设计与数据采集;GPS测量数据处理;GPS定位技术的应用。 | |
| 333 | @a高职 | |
| 606 | 0 | @a全球定位系统@x高等职业教育@j教材 |
| 606 | 0 | @a全球定位系统 |
| 610 | 0 | @aGPS |
| 690 | @aP228.4@v5 | |
| 701 | 0 | @a张福荣@9zhang fu rong@4主编 |
| 701 | 0 | @a田倩@9tian qian@4主编 |
| 801 | 0 | @aCN@b人天书店@c20131123 |
| 905 | @b548653-55@dP228.4@e222@f3 | |
| GPS测量技术与应用/张福荣,田倩主编.-成都:西南交通大学出版社,2013.08 |
| 195页:图;26cm |
| 高等职业技术教育“十二五”规划教材——工程测量技术类.-使用对象:高职 |
| ISBN 978-7-5643-2509-1:CNY26.00 |
| 本书包括五部分内容,主要介绍了GNSS全球导航卫星系统;GPS定位测量方法与误差分析;GPS测量技术设计与数据采集;GPS测量数据处理;GPS定位技术的应用。 |
| ● |
| 相关链接 |
|
|
|
|
正题名:GPS测量技术与应用
索取号:P228.4/222
 
预约/预借
| 序号 | 登录号 | 条形码 | 馆藏地/架位号 | 状态 | 备注 |
| 1 | 548653 | 205486534 | 第二样本阅览室/ [索取号:P228.4/222] | 在馆 | |
| 2 | 548654 | 205486543 | 第三借阅区/ [索取号:P228.4/222] | 在馆 | |
| 3 | 548655 | 205486552 | 第三借阅区/ [索取号:P228.4/222] | 在馆 |